| 000 -LEADER |
| fixed length control field |
00870nam a22002177a 4500 |
| 005 - DATE AND TIME OF LATEST TRANSACTION |
| control field |
20240202161830.0 |
| 008 - FIXED-LENGTH DATA ELEMENTS--GENERAL INFORMATION |
| fixed length control field |
240202s2022 en ||||| |||| 00| 0 eng d |
| 020 ## - INTERNATIONAL STANDARD BOOK NUMBER |
| International Standard Book Number |
9781292349749 |
| 041 ## - LANGUAGE CODE |
| Language code of text/sound track or separate title |
eng |
| 080 ## - UNIVERSAL DECIMAL CLASSIFICATION NUMBER |
| Universal Decimal Classification number |
368 R-30 |
| 100 ## - MAIN ENTRY--PERSONAL NAME |
| Personal name |
Rejda, George E [Author] |
| 9 (RLIN) |
21190 |
| 245 ## - TITLE STATEMENT |
| Title |
Principles of risk management and insurance / |
| Statement of responsibility, etc. |
George E. Rejda, Michael J. McNamara, William H. Rabel |
| 264 ## - PRODUCTION, PUBLICATION, DISTRIBUTION, MANUFACTURE, AND COPYRIGHT NOTICE |
| Place of production, publication, distribution, manufacture |
Harlow : |
| Name of producer, publisher, distributor, manufacturer |
Pearson Education Limited, |
| Date of production, publication, distribution, manufacture, or copyright notice |
2022. |
| 300 ## - PHYSICAL DESCRIPTION |
| Extent |
732 p ; |
| Other physical details |
Illustrationen, Diagramme |
| Dimensions |
26 cm. |
| 653 ## - INDEX TERM--UNCONTROLLED |
| keyword |
Principles of risk management and insurance |
| 653 ## - INDEX TERM--UNCONTROLLED |
| keyword |
რისკის მართვისა და დაზღვევის პრინციპები |
| 653 ## - INDEX TERM--UNCONTROLLED |
| keyword |
დაზღვევა |
| 700 ## - ADDED ENTRY--PERSONAL NAME |
| Personal name |
McNamara, J. Michael |
| Relator term |
Author |
| 9 (RLIN) |
21191 |
| 700 ## - ADDED ENTRY--PERSONAL NAME |
| Personal name |
Rabel, William H |
| Relator term |
Author |
| 9 (RLIN) |
21192 |
| 942 ## - ADDED ENTRY ELEMENTS (KOHA) |
| Source of classification or shelving scheme |
|
| Koha item type |
წიგნი |